000 00505pam a2200121a 44500
008 230405s xxu||||| |||| 00| 0 eng d
041 _aENG
100 _aCSIR
245 _aTHE WEALTH OF INDIA A DICITIONARY OF INDIAN RAW MATERIALS & INDUSTRIAL PRODUCTS RAW MATERIALS VOL 2 ;B THE WEALTH OF INDIA A DICITIONAY OF INDIAN RAW MATRIALS & PRODUCTS RAW MATERIALS VOL 2,B
260 _aNEW DELHI
_bNATIONAL INSTITUTE OF SCIENCE COMMUNICATION AND IN NEW DELHI
_c
650 _aPHARMACOGNOSY
906 _a1238
999 _c276509
_d276509